000
00339 a2200157 4500
001
151671
040
_c
Escola São Tomás de Aquino
100
_a
CERVANTES, Miguel de
240
1
0
_a
Dom Quixote
_l
por
245
1
0
_a
Dom Quixote
300
_a
185
362
0
_a
2001
440
1
_a
Ediouro
697
_a
*LITERATURA JUVENIL
942
_c
BK
999
_c
151671
_d
151671